Biografía de don Miguel Hidalgo y Costilla : primer caudillo de la Independencia /
Gespeichert in:
| 1. Verfasser: | |
|---|---|
| Format: | Buch |
| Sprache: | Spanisch |
| Schlagworte: | |
| Tags: |
Keine Tags, Fügen Sie das erste Tag hinzu!
|
MARC
| LEADER | 00000nam^a2200000^a^4500 | ||
|---|---|---|---|
| 001 | 000128703 | ||
| 005 | 20250521000000.0 | ||
| 009 | 20260310094848.119 | ||
| 037 | |a Acervo ITESO - Biblioteca | ||
| 041 | |a ESP | ||
| 082 | |a 972. 0321 |b ALT | ||
| 100 | |a Altamirano, Ignacio Manuel |e (autor) | ||
| 245 | 1 | 0 | |a Biografía de don Miguel Hidalgo y Costilla : |b primer caudillo de la Independencia / |c I.M. Altamirano. |
| 264 | |a México : |b Comisión Nacional para la Celebración del Sesquicentenario de la Proclamación de la Independencia Nacional y del Cincuentenario de la Revolución Mexicana, |c 1960 | ||
| 300 | |a 14 p. | ||
| 336 | |a texto |b txt |2 rdacontenido | ||
| 337 | |a sin mediación |b n |2 rdamedio | ||
| 338 | |a volumen |b nc |2 rdasoporte | ||
| 545 | 0 | |a Ignacio Manuel Altamirano (1834-1893), escritor, periodista y político mexicano, considerado como el padre de la literatura nacional, nació en Tixtla, Guerrero. Militó en las filas juaristas, se desempeñó como diputado, cónsul y presidente de la Suprema Corte de Justicia; fundó, al lado de Ignacio Ramírez, el Nigromante, y Guillermo Prieto, el periódico El Correo de México; y con Gonzalo A. Esteva, la revista literaria El Renacimiento. Su narrativa, circunscrita en la corriente del romanticismo, describe el paisaje mexicano que le sirve de fondo para mostrar las costumbres, valores y la situación nacional de su época. Entre sus obras destacan Rimas (1871); Clemencia (1869); Julia (1870); La navidad en las montañas (1871); Antonia (1872); El Zarco (1901, publicada de manera póstuma); y otras. | |
| 649 | |a XX | ||
| 650 | |a Independentistas Mexicanos - |x Biografías | ||
| 650 | |a Revolucionarios Mexicanos - |x Biografías | ||
| 650 | |a Políticos Mexicanos - |x Biografías | ||
| 650 | |a Ministros Religiosos Mexicanos - |x Biografías | ||
| 650 | |a Religiosos Mexicanos - |x Biografías | ||
| 650 | |a Política - |z México - |x Historia | ||
| 650 | |a Ideología - |z México - |x Historia | ||
| 650 | |a México - |x Historia - |y Guerra de Independencia, 1810-1821 | ||
| 650 | |a México - |x Historia - |y Virreinato, 1535-1821 | ||
| 650 | |a México - |x Historia - |y Epoca Colonial, 1517-1821 | ||
| 650 | |a México - |x Historia - |y Siglo XIX | ||
| 650 | |a Hidalgo y Costilla, Miguel - |x Tema Principal | ||
| 910 | |a Fondo Salvador Reynoso Reynoso | ||
| 920 | |a Impresos - Libros | ||
| 930 | |a Fondos Especiales | ||
| 905 | |a 112 | ||
| 901 | |a 0800010668 |b IT2 |c ESP |u 20250521 | ||
| 902 | |a https://opac.biblio.iteso.mx/vufind/Record/000128703 | ||